| 000 | 01183nam a2200229Ia 4500 | ||
|---|---|---|---|
| 003 | OSt | ||
| 005 | 20250410132608.0 | ||
| 008 | 191128s2007 ck a gr 000 f spa d | ||
| 020 | _a9789584419743 | ||
| 040 |
_aCO-JMCR _cCO-JMCR |
||
| 041 | _aspa | ||
| 082 | 0 | 4 |
_aA-N _bBARm |
| 100 | 1 |
_aBarrera, Germán Hermida, _eautor _96325 |
|
| 245 | 1 | 0 |
_aMúsica de huesos : _by otros accidentes históricos / _cGermán Hermida Barrera ; ilustraciones Diego Martínez Celis |
| 260 |
_aBogotá : _bAlcaldía Mayor de Bogotá, _c2007 |
||
| 300 |
_a266 páginas : _bilustraciones a color ; _c 24 cm. |
||
| 500 | _aInluye referencias bibliográficas. | ||
| 505 | _aCorrerías tras el Compendio Historial o la perdida confesión de Ximénez de Quesada -- Nuestra Señora de la Presentación de Bochica y los misiles contra Palacio -- Música de huesos -- El hombre de oro y dos pedazos de carne descompuesta | ||
| 520 | _aMúsica de huesos es, sin duda, un viaje vertiginoso al pasado de Bogotá y del altiplano. Las ocho expediciones que acomete el autor despiertan cierta ansiedad por hacer parte de dichas búsquedas y aventuras. | ||
| 650 | 1 | 4 |
_aLiteratura colombiana _96326 |
| 942 |
_2ddc _cBK |
||
| 999 |
_c3684 _d3684 |
||